Geopolitičeskije transformacii v sovremennom mire i ich vlijanije na energetičeskij porjadok
Priestorovo-geografické reálie geopolitických transformácií. Problematika energetickej bezpečnosti Európskej únie. Regióny Stredozemného mora, Blízkeho Východu a Centrálnej Ázie v systéme medzinárodných vzťahov.
Na minha lista:
| Autor principal: | |
|---|---|
| Outros Autores: | , |
| Formato: | Capítulo de Livro |
| Idioma: | russo |
| Assuntos: | |
| Tags: |
Sem tags, seja o primeiro a adicionar uma tag!
|
MARC
| LEADER | 00000naa$a2200000$$$4500 | ||
|---|---|---|---|
| 001 | 0263085 | ||
| 005 | 20240502083756.2 | ||
| 041 | 0 | |a rus | |
| 044 | |a MD | ||
| 245 | 1 | 0 | |a Geopolitičeskije transformacii v sovremennom mire i ich vlijanije na energetičeskij porjadok |c Rudoľf Kučarik, Olyana Kindybalyuk, Alexandr Burian |
| 520 | |a Priestorovo-geografické reálie geopolitických transformácií. Problematika energetickej bezpečnosti Európskej únie. Regióny Stredozemného mora, Blízkeho Východu a Centrálnej Ázie v systéme medzinárodných vzťahov. | ||
| 610 | 2 | 0 | |a politika svetová |
| 610 | 2 | 0 | |a politika medzinárodná |
| 610 | 2 | 0 | |a vzťahy medzinárodné |
| 610 | 2 | 0 | |a zdroje energie |
| 610 | 2 | 0 | |a bezpečnosť energetická |
| 100 | 1 | |a Kucharčík, Rudolf, 1977- | |
| 700 | 1 | |a Kindybalyuk, Olyana | |
| 700 | 1 | |a Burian, Alexandru | |